|
|
|
|
| LEADER |
00825nam a22002057a 4500 |
| 001 |
AAL6811 |
| 003 |
BD-DhAAL |
| 005 |
20160125201016.0 |
| 008 |
160125s 2003bd a|||| |||| 00| 0 ben d |
| 020 |
|
|
|a 9848102259
|
| 082 |
|
|
|a 331.4/3/095492
|
| 100 |
|
|
|a কবীর, মাহমুদ
|9 17569
|
| 245 |
|
|
|a বাংলাদেশের নারী /
|c মাহমুদ কবীর
|
| 260 |
|
|
|a ঢাকা :
|b সূচীপত্র,
|c ২০০৩.
|
| 300 |
|
|
|a ১২৬ পৃ. :
|b চিত্র ;
|c ২২ সে.মি.
|
| 541 |
|
|
|e 6811
|
| 650 |
|
|
|2 Women
|x Employment
|z Bangladesh
|9 17570
|
| 942 |
|
|
|2 ddc
|c BK
|
| 999 |
|
|
|c 36685
|d 36685
|
| 952 |
|
|
|0 0
|1 0
|2 ddc
|4 0
|6 331_400000000000000_3_095492_KAB
|7 0
|9 57696
|a SCL
|b SCL
|c GEN
|d 2016-01-25
|g 100.00
|l 3
|o 331.43095492 KAB
|p 3020006811
|r 2025-05-05
|s 2025-04-29
|t 1
|w 2016-01-25
|y BK
|